The Littles and the lost children / (Record no. 1249)

MARC details
000 -LEADER
fixed length control field 01205cam a22003253a 4500
005 - DATE AND TIME OF LATEST TRANSACTION
control field 20230815130522.0
020 ## - INTERNATIONAL STANDARD BOOK NUMBER
Canceled/invalid ISBN 0590430262
040 ## - CATALOGING SOURCE
Original cataloging agency KPR
Language of cataloging eng
Transcribing agency KPR
Modifying agency OCLCG
-- OCLCQ
-- OCLCA
-- OCLCQ
-- DLC
050 00 - LIBRARY OF CONGRESS CALL NUMBER
Classification number PZ7.P43265
082 ## - DEWEY DECIMAL CLASSIFICATION NUMBER
Classification number Fic
100 1# - MAIN ENTRY--PERSONAL NAME
Personal name Peterson, John,
Dates associated with a name 1924-2002.
245 14 - TITLE STATEMENT
Title The Littles and the lost children /
Statement of responsibility, etc. by John Peterson ; pictures by Roberta Carter Clark ; cover illustration by Jacqueline Rogers.
260 ## - PUBLICATION, DISTRIBUTION, ETC.
Place of publication, distribution, etc. New York :
Name of publisher, distributor, etc. Scholastic,
Date of publication, distribution, etc. 1991
300 ## - PHYSICAL DESCRIPTION
Extent 111 pages :
Other physical details illustrations ;
Dimensions 20 cm
490 0# - SERIES STATEMENT
Series statement Little Apple
490 0# - SERIES STATEMENT
Series statement Little Apple Fiction
500 ## - GENERAL NOTE
General note Braille by FFBC in textbook format; print and braille pages included.
500 ## - GENERAL NOTE
General note "A Little Apple paperback."
505 ## - FORMATTED CONTENTS NOTE
Formatted contents note O <br/>
520 ## - SUMMARY, ETC.
Summary, etc. Major Nick Little and his band of soldiers find two babies abandoned in Trash City and they must find out how they got there.
521 ## - TARGET AUDIENCE NOTE
Target audience note 600 <br/>
Source Lexile <br/>
521 ## - TARGET AUDIENCE NOTE
Target audience note O <br/>
Source Raz-Plus <br/>
650 #7 - SUBJECT ADDED ENTRY--TOPICAL TERM
Topical term or geographic name entry element Fantasy
655 #7 - INDEX TERM--GENRE/FORM
Genre/form data or focus term Fantasy fiction.
Source of term gsafd
700 1# - ADDED ENTRY--PERSONAL NAME
Personal name Clark, Roberta Carter
Relator term illustrator
906 ## - LOCAL DATA ELEMENT F, LDF (RLIN)
a 7
b cbc
c copycat
d 2
e ncip
f 20
g y-genrareb
942 ## - ADDED ENTRY ELEMENTS (KOHA)
Source of classification or shelving scheme Dewey Decimal Classification
Koha item type Books
Suppress in OPAC No
999 ## -
-- 1249
-- 1249
Holdings
Withdrawn status Lost status Source of classification or shelving scheme Damaged status Not for loan Collection Home library Current library Shelving location Date acquired Total Checkouts Full call number Barcode Date last seen Date last checked out Price effective from Koha item type
    Dewey Decimal Classification     Fiction Footprints International School Library Network Toul Kork Campus Footprints International School Library Network Toul Kork Campus   08/09/2023 1 PET Fic PZ7.P43265 FISBK00869 02/20/2024 02/06/2024 08/09/2023 Books